000 01065nam a2200289 a 4500
001 000024193
005 20260202103257.0
008 110120s1987 xxua r 000 | spa d
020 _a0311110436
040 _aDO-SdBNP
_bspa
_cBNPHU
041 1 7 _aeng
_gspa
_2Código de idioma MARC
082 _a268
_bG776e
100 1 _aGraves, Guillermo
_949692
240 0 4 _aThe church teaching and training
_lEspañol
245 1 0 _aEnseñanza y capacitación en su iglesia /
_cGuillermo Graves; traducción por Rubén O. Zorzoli.
260 _aTexas, (Estados Unidos) :
_bCasa Bautista de Publicaciones,
_c1987.
300 _a151 p. :
_bil. ;
_c22 cm.
500 _aIncluye notas al pie de páginas
500 _aIncluye referencias bibliográficas
534 _atraducido de la edición revisada :
_tThe church teaching and training
650 0 _aEducación religiosa
_9682
650 4 _aEducación cristiana
_911641
650 0 _aIglesia y educación
_917475
650 4 _aTeología
_xEnseñanza
_945571
700 1 _aZorzoli, Rubén O.
_etr.
_949693
049 _aBNGR
999 _c23687
_d23687